|
|
|
|
| LEADER |
00000nab a2200000 a 4500 |
| 001 |
vtls008997223 |
| 003 |
SK-MaSNL |
| 005 |
20260415043937.0 |
| 008 |
070608c20070412xo dr n 000 00slo |
| 038 |
|
|
|a SVKPOCL
|
| 040 |
|
|
|a SVKPOCL
|b slo
|c AACR2
|e AACR2
|
| 041 |
|
|
|a slo
|
| 044 |
|
|
|a xo
|c SK
|
| 080 |
|
|
|a 908437.671.117.176
|2 2001
|
| 100 |
1 |
|
|a Staviarsky, Štefan,
|d 1934-
|4 aut
|9 107171
|
| 245 |
1 |
0 |
|a Prešov ako na dlani
|b na Kráľovej hore sa vystriedali mnohé staršie civilizácie
|c Štefan Staviarsky
|
| 300 |
|
|
|a Fotogr.
|
| 650 |
0 |
7 |
|a všeobecnosti a zaujímavosti
|2 svkpocl
|9 4162
|
| 651 |
|
7 |
|a Prešov (Slovensko)
|2 svkpocl
|9 17347
|
| 773 |
0 |
|
|t Prešovský večerník
|g Roč. XVIII, č. 4177 (12.4.2007), s. 8-9
|x 1336-4030
|
| 852 |
|
|
|a SVKPO
|b KIS3GCP
|
| 856 |
4 |
1 |
|u www.vecernik.po.sk
|
| 958 |
|
|
|a RG
|
| 999 |
|
|
|c 1752691
|d 1754621
|